Maternal-Neonatal Nursing made Incredibly Easy! / (Record no. 33460)

MARC details
000 -LEADER
fixed length control field 00499nam a22001817a 4500
005 - DATE AND TIME OF LATEST TRANSACTION
control field 20240611141003.0
008 - FIXED-LENGTH DATA ELEMENTS--GENERAL INFORMATION
fixed length control field 230907b |||||||| |||| 00| 0 eng d
020 ## - INTERNATIONAL STANDARD BOOK NUMBER
ISBN 9788184731255
082 ## - DEWEY DECIMAL CLASSIFICATION NUMBER
Classification number 618.202
Item number LIP-M
100 ## - MAIN ENTRY--AUTHOR
Author Name Lippincott Williams & Wilkins
245 ## - TITLE STATEMENT
Title Maternal-Neonatal Nursing made Incredibly Easy! /
250 ## - EDITION STATEMENT
Edition statement 2nd ed.
260 ## - PUBLICATION, DISTRIBUTION, ETC.
Place of Publication India;
Name of publisher, distributor, etc. Lippincott;
Date of publication, distribution, etc. 2009.
300 ## - PHYSICAL DESCRIPTION
Pages 594p.
500 ## - GENERAL NOTE
General note Include index
650 ## - SUBJECT ADDED ENTRY--TOPICAL TERM
Subject / Department Medical / Nursing
300 ## - PHYSICAL DESCRIPTION
-- ill;
-- 24 cm.
952 ## - LOCATION AND ITEM INFORMATION (KOHA)
-- 0
-- 0
952 ## - LOCATION AND ITEM INFORMATION (KOHA)
-- 0
-- 0
Holdings
Lost status Damaged status Collection code Permanent Location Current Location Shelving Location Date acquired Full Call Number Accession No./Barcode Date last seen Copy number item type Koha item type
    Medical Superior Information Resource Center (SIRC) Superior University- Central Library Superior Information Resource Center (SIRC) Superior University- Central Library Nursing 09/07/2023 618.202 MAT 2009 20354 09/07/2023 1 BOOK BOOK
    Medical Superior Information Resource Center (SIRC) Superior University- Central Library Superior Information Resource Center (SIRC) Superior University- Central Library Nursing 06/11/2024 618.202 MAT 2009 10258 06/11/2024 2 BOOK BOOK

Powered by Koha